Normal view
MARC view
- Miller Harry
Entry Personal Name
001 - CONTROL NUMBER
- control field: 112080
003 - CONTROL NUMBER IDENTIFIER
- control field: NUST
005 - DATE AND TIME OF LATEST TRANSACTION
- control field: 20230504100914.0
008 - FIXED-LENGTH DATA ELEMENTS
- fixed length control field: 230504|| aca||aabn | a|a d
040 ## - CATALOGING SOURCE
- Original cataloging agency: NUST
- Transcribing agency: NUST
100 ## - HEADING--PERSONAL NAME
- Personal name: Miller Harry
670 ## - SOURCE DATA FOUND
- Source citation: Work cat.: (NUST)187345: Miller Harry, Jungle War in Malaya / , 1972.
